| 000 | 00386nam a22001457a 4500 | ||
|---|---|---|---|
| 020 | _qPB. | ||
| 040 | _cFIZZA ISHAQ | ||
| 082 |
_a658.022 _bZIM |
||
| 100 |
_aSEARBOROUGH, ZIMMERER. _991468 |
||
| 245 |
_aESSENTIALS OF ENTREPRENEURSHIP & SMALL BUSINESS MANAGEMENT / _cSEARBOROUGH, ZIMMERER. |
||
| 250 | _a5th ED. | ||
| 260 |
_bPEARSON, _c2015. |
||
| 300 | _a720 P. ; | ||
| 942 |
_2ddc _cBK |
||
| 999 |
_c589598 _d589598 |
||